000 00401 a2200169 4500
001 69640
020 _a8524910003
040 _cAnchieta - Itaigara
100 _aBraz, Júlio Emílio
240 1 0 _aAs aventuras de Pedro Malasartes
_lpor
245 1 0 _aAs aventuras de Pedro Malasartes
300 _a43
362 0 _a2004
440 1 _aCortez
650 4 _aLiteratura infanto-juvenil
942 _cBK
999 _c69640
_d69640